| 000 | 00484nam a2200169 i 4500 | ||
|---|---|---|---|
| 001 | 34906 | ||
| 003 | ES-MaACL | ||
| 005 | 20230906155022.0 | ||
| 007 | t| | ||
| 008 | 030211s1943 sp ||||1| spa d | ||
| 100 | 1 |
_aBoix Barrios, José. _929902 |
|
| 245 | 1 | 0 |
_aKala-azar infantil / _cJosé Boix Barrios. |
| 260 |
_aMadrid : _bMorata, _c1943 ( _fGráf. Informaciones) |
||
| 300 |
_a107 p. : _b3 map. ; _c24 cm. |
||
| 650 | 4 |
_aKala-azar. _9155584 |
|
| 852 |
_aES-MaACL _jE-1043 _bR.20202 |
||
| 999 |
_c34906 _d34906 |
||